000 00455nam a2200169 i 4500
001 145751
003 ES-MaACL
005 20230906201313.0
007 t|
008 071016s1958 it ||||1| ita d
100 1 _aVerga, Giovanni.
_9114075
245 1 2 _aI Malavoglia /
_cdi Giovanni Verga.
250 _aedizione integrale.
260 _aVerona :
_bArnoldo Mondadori,
_c1958.
300 _a249 p. ;
_c19 cm.
852 _aES-MaACL
_jC-26218
_bR.55258
999 _c145751
_d145751